000 00468nam a2200157Ia 4500
008 181130s2018 xx 000 0 und d
100 _aBrewis, Joanna
245 _aNever call me a mercenary:
_bidentity work, stigma management and the private security contractor
260 _c2018
300 _ap.335-353.
504 _dMay
650 _aPrivate security services
700 _aGodfrey, Richard
773 _aOrganization
906 _aPrivate security services
999 _c506487
_d506487